Cities in Greater New York - Statistics

General Stats
  • This quiz has been taken 19 times
  • The average score is 7 of 23
Answer Stats
Population Answer % Correct
8,419,000 New York
95%
199,968 Yonkers
79%
281,054 Newark
74%
261,940 Jersey City
58%
58,137 White Plains
53%
129,309 Stamford
47%
145,639 Bridgeport
42%
128,333 Elizabeth
42%
130,331 New Haven
42%
768,103 Hempstead
37%
79,067 New Rochelle
32%
145,710 Paterson
32%
330,914 Islip
21%
67,896 Mount Vernon
21%
62,396 Greenwich
16%
55,960 New Brunswick
16%
30,381 Poughkeepsie
16%
28,255 Newburgh
11%
5,836 Oyster Bay
11%
201,546 Huntington
5%
19,802 Hazlet
0%
116,384 Smithtown
0%
100,450 Woodbridge
0%
No matching quizzes found
Score Distribution
Percent of People with Each Score
Percentile by Number Answered
Your Score History
You have not taken this quiz